Hồ Chí Minh : Văn hóa soi đường cho quốc dân đi
Nội dung sách giới thiệu một số bài viết, bài nghiên cứu của tác giả về những cống hiến to lớn của Hồ Chí Minh về văn hoá và những đạo đức cao thượng của Người mà chúng ta cần noi theo.
Gardado en:
| Autor Principal: | |
|---|---|
| Formato: | Libro |
| Idioma: | Undetermined |
| Publicado: |
Thành phố Hồ Chí Minh
Tổng hợp Thành phố Hồ Chí Minh
2017
|
| Những chủ đề: | |
| Các nhãn: |
Engadir etiqueta
Sen Etiquetas, Sexa o primeiro en etiquetar este rexistro!
|
| Thư viện lưu trữ: | Trung tâm Học liệu Trường Đại học Cần Thơ |
|---|
| LEADER | 00976nam a2200217Ia 4500 | ||
|---|---|---|---|
| 001 | CTU_225458 | ||
| 008 | 210402s9999 xx 000 0 und d | ||
| 082 | |a 959.704092 | ||
| 082 | |b Ph431 | ||
| 100 | |a Bùi, Đình Phong | ||
| 245 | 0 | |a Hồ Chí Minh : | |
| 245 | 0 | |b Văn hóa soi đường cho quốc dân đi | |
| 245 | 0 | |c Bùi Đình Phong | |
| 260 | |a Thành phố Hồ Chí Minh | ||
| 260 | |b Tổng hợp Thành phố Hồ Chí Minh | ||
| 260 | |c 2017 | ||
| 520 | |a Nội dung sách giới thiệu một số bài viết, bài nghiên cứu của tác giả về những cống hiến to lớn của Hồ Chí Minh về văn hoá và những đạo đức cao thượng của Người mà chúng ta cần noi theo. | ||
| 650 | |a Hồ Chí Minh,Ho Chi Minh | ||
| 650 | |x Tiểu sử,Biography | ||
| 910 | |b dqhieu | ||
| 980 | |a Trung tâm Học liệu Trường Đại học Cần Thơ | ||